[Event "SC SSV Bruneck-Groeden"]
[Site "?"]
[Date "2014.11.29"]
[Round "3.6"]
[White "Lang, Guenther"]
[Black "Dejori, David"]
[Result "1-0"]
[WhiteElo "1686"]
[BlackElo "1496"]
[PlyCount "139"]
[EventDate "2014.??.??"]

1. f4 d5 2. Nf3 Nf6 3. e3 e6 4. b3 c5 5. Bb2 Nc6 6. Bb5 Bd7 7. Qe2 Be7 8. O-O
O-O 9. Bxc6 Bxc6 10. Ne5 Rc8 11. d3 Qc7 12. Nd2 Rfd8 13. Nxc6 Qxc6 14. Rae1 b5
15. c4 bxc4 16. dxc4 a5 17. e4 d4 18. e5 Nd7 19. Bc1 a4 20. Rf3 axb3 21. axb3
Ra8 22. Qd3 Ra1 23. Rh3 Nf8 24. Rf1 Ng6 25. Qg3 Rda8 26. Qd3 R8a2 27. Rhf3 Nh4
28. R3f2 Nf5 29. Ne4 Rxf2 30. Nxf2 Nh4 31. Qe4 Qb6 32. Qc2 Qa5 33. Bd2 Ra2 34.
Bxa5 Rxc2 35. g3 Nf3+ 36. Kg2 Nd2 37. Bxd2 Rxd2 38. Rb1 g5 39. Kf3 gxf4 40.
gxf4 Bh4 41. Ne4 Rd3+ 42. Kg4 Be7 43. Nf2 Re3 44. h4 h6 45. Nd1 Re1 46. Nc3
Rxb1 47. Nxb1 Bd8 48. h5 Ba5 49. Kf3 f6 50. Na3 fxe5 51. fxe5 Bc7 52. Ke4 d3
53. Nb1 Kf7 54. Nd2 Ke7 55. Nf3 Kd7 56. Kxd3 Kc6 57. Ke4 Kb6 58. Ne1 Ka5 59.
Nd3 Bb6 60. Nf4 Kb4 61. Nxe6 Kxb3 62. Kd5 Kc3 63. Nxc5 Bd8 64. Nb7 Bg5 65. Nd6
Kd3 66. e6 Ke3 67. e7 Bxe7 68. Nf5+ Kf4 69. Nxe7 Kg5 70. c5 1-0

[Event "SK Gries-Ehrenburg/Hotel Gisser"]
[Site "?"]
[Date "2014.11.29"]
[Round "3.1"]
[White "Flatscher, Tobias"]
[Black "Spornberger, Andre"]
[Result "0-1"]
[WhiteElo "1746"]
[BlackElo "2122"]
[PlyCount "52"]
[EventDate "2014.??.??"]

1. c4 g6 2. Nc3 Bg7 3. d4 d6 4. e4 Nf6 5. f3 O-O 6. Be3 Nc6 7. Rb1 a6 8. Qd2
Rb8 9. b4 e5 10. d5 Nd4 11. Nge2 c5 12. dxc6 bxc6 13. Nxd4 exd4 14. Bxd4 c5 15.
bxc5 Nxe4 16. fxe4 Qh4+ 17. g3 $4 $16 {besser Ke2!} 17... Rxb1+ 18. Nxb1 Qxe4+
19. Be3 Qxh1 20. cxd6 Bh3 21. Qf2 Re8 22. d7 Rxe3+ 23. Qxe3 Qxf1+ 24. Kd2 Bxd7
25. Qd3 Qxd3+ 26. Kxd3 Bf5+ 0-1

[Event "SC SSV Bruneck-Groeden"]
[Site "?"]
[Date "2014.11.29"]
[Round "3.4"]
[White "Peintner, Andreas"]
[Black "Moroder, Thomas"]
[Result "1/2-1/2"]
[WhiteElo "1878"]
[BlackElo "1914"]
[PlyCount "86"]
[EventDate "2014.??.??"]

1. d4 Nf6 2. c4 g6 3. Nc3 Bg7 4. e4 d6 5. Nf3 O-O 6. h3 Na6 7. Be3 c6 8. Be2 e5
9. dxe5 dxe5 10. Qxd8 Rxd8 11. O-O Nh5 12. Rfd1 Re8 13. a3 Nc7 14. Rd2 Nf4 15.
Bf1 Nce6 16. g3 Nd4 17. Nxd4 exd4 18. Bxd4 Nxh3+ 19. Bxh3 Bxh3 20. Bxg7 Kxg7
21. f3 Be6 22. b3 Kf6 23. Kf2 h5 24. Ke3 Rh8 25. Rh1 Rad8 26. Rhh2 Rxd2 27.
Rxd2 g5 28. f4 gxf4+ 29. Kxf4 h4 30. Rh2 h3 31. e5+ Kg6 32. Ne4 Rd8 33. Nd6 f6
34. c5 fxe5+ 35. Kxe5 Bxb3 36. Rxh3 b6 37. g4 Bd5 38. cxb6 axb6 39. Rd3 Rd7 40.
Nf5 Ra7 41. Kd6 Kg5 42. Ne7 Be4 43. Nxc6 Ra4 1/2-1/2

[Event "SK Gries-Ehrenburg/Hotel Gisser"]
[Site "?"]
[Date "2014.11.29"]
[Round "3.3"]
[White "Mairhofer, Rene"]
[Black "Zammarchi, Massimo"]
[Result "0-1"]
[WhiteElo "1669"]
[BlackElo "1909"]
[PlyCount "106"]
[EventDate "2014.??.??"]

1. e4 e5 2. Nf3 Nc6 3. Bb5 a6 4. Ba4 Nf6 5. Qe2 b5 6. Bb3 Bc5 7. c3 O-O 8. O-O
d6 9. d3 Bg4 10. Bg5 h6 11. Bh4 g5 12. Bg3 Nh5 13. Kh1 Ne7 14. h3 Bxf3 15. Qxf3
Nf4 16. Bxf4 exf4 17. d4 Bb6 18. Qh5 Kg7 19. Nd2 Ng6 20. Nf3 Qf6 21. a4 c5 22.
dxc5 Bxc5 23. Bd5 Rab8 24. Nh2 Ne5 25. axb5 axb5 26. Ng4 Nxg4 27. Qxg4 b4 28.
cxb4 Rxb4 29. b3 Bxf2 30. Ra6 Be3 31. Qd7 Rb6 32. Rxb6 Bxb6 33. b4 Be3 34. b5
h5 35. Rb1 f3 36. Qf5 f2 37. Qxf6+ Kxf6 38. g3 Ke5 39. Kg2 Bb6 40. Bc6 f5 41.
exf5 Rxf5 42. Rd1 Ke6 43. Be8 h4 44. g4 Re5 45. Rf1 Re1 46. Bg6 Ke5 47. Rxf2
Bxf2 48. Kxf2 Rc1 49. Ke3 Rc3+ 50. Bd3 Rb3 51. Kd2 Kd4 52. Bf1 Rb2+ 53. Kc1 Rf2
0-1

[Event "SK Gries-Ehrenburg/Hotel Gisser"]
[Site "?"]
[Date "2014.11.29"]
[Round "3.4"]
[White "NiederstANtter, Harald"]
[Black "Gruber, Alexander"]
[Result "1-0"]
[WhiteElo "1920"]
[BlackElo "1763"]
[PlyCount "81"]
[EventDate "2014.??.??"]

1. d4 d5 2. Nf3 Nf6 3. e3 Bg4 4. h3 Bh5 5. g4 Bg6 6. Ne5 e6 7. h4 h6 8. Nxg6
fxg6 9. Bd3 Ne4 10. Nd2 Nxd2 11. Bxg6+ Kd7 12. Bxd2 Bd6 13. c4 Qf6 14. Bd3 b6
15. cxd5 exd5 16. Bf5+ Kd8 17. h5 Re8 18. Qa4 Re7 19. O-O-O c6 20. Kb1 Kc7 21.
Rc1 Kb7 22. Bb4 Bxb4 23. Qxb4 Na6 24. Qb3 Rd8 25. Rc2 Rd6 26. Rhc1 Nb8 27. a4
Qf7 28. Qa3 Rf6 29. b4 Qe8 30. b5 Qd8 31. Qb4 Qd6 32. Qb3 Qd8 33. a5 cxb5 34.
Bc8+ Ka8 35. a6 Qd6 36. Qxb5 Rf8 37. Bb7+ Rxb7 38. axb7+ Kxb7 39. Rc7+ Ka8 40.
Rxg7 a6 41. Qb3 1-0

[Event "SK Gries-Ehrenburg/Hotel Gisser"]
[Site "?"]
[Date "2014.11.29"]
[Round "3.5"]
[White "Messner, Alex"]
[Black "Mair, Christoph"]
[Result "0-1"]
[WhiteElo "1601"]
[BlackElo "1928"]
[PlyCount "66"]
[EventDate "2014.??.??"]

1. Nf3 c5 2. g3 Nf6 3. Bg2 e6 4. d3 Be7 5. O-O O-O 6. e4 d6 7. Nbd2 Nbd7 8. Ne1
Qc7 9. f4 Rb8 10. a4 b6 11. g4 Rd8 12. g5 Ne8 13. Qg4 a6 14. f5 exf5 15. exf5
Ne5 16. Qh4 d5 17. f6 Ng6 18. Qf2 gxf6 19. Nb3 Be6 20. h4 fxg5 21. hxg5 Bd6 22.
a5 Bg3 23. Qe3 d4 24. axb6 Rxb6 25. Qe2 Bxb3 26. cxb3 Re6 27. Qd2 Ng7 28. b4
Rde8 29. Nc2 Re2 30. Qd1 Bh2+ 31. Kh1 Qg3 32. Bd5 Qh3 33. Rf3 Qg2# 0-1

[Event "SK Gries-Ehrenburg/Hotel Gisser"]
[Site "?"]
[Date "2014.11.29"]
[Round "3.6"]
[White "Spornberger, Peter"]
[Black "Mitterhofer, Martin"]
[Result "0-1"]
[WhiteElo "1586"]
[BlackElo "1562"]
[PlyCount "72"]
[EventDate "2014.??.??"]

1. e4 d6 2. d4 Nf6 3. Nc3 g6 4. Be2 Bg7 5. h3 O-O 6. Nf3 Nbd7 7. O-O b6 8. Bf4
Bb7 9. Qd3 Rc8 10. Rad1 c5 11. Bh2 cxd4 12. Nxd4 Nc5 13. Qe3 Ncxe4 14. Nxe4
Bxe4 15. c3 Bb7 16. Rfe1 Re8 17. Bb5 Nd5 18. Qe2 Rf8 19. c4 Nc7 20. Qxe7 Qxe7
21. Rxe7 Bxd4 22. Rxd4 Nxb5 23. Rd1 Rc7 24. Rxc7 Nxc7 25. Rxd6 Ne6 26. Rd7 Rd8
27. Rxd8+ Nxd8 28. Bb8 Nc6 29. Bd6 f5 30. b4 Kf7 31. c5 Ke6 32. b5 Na5 33. Bb8
bxc5 34. Bxa7 Kd5 35. Bb6 Nc4 36. a4 Nxb6 0-1

[Event "SK Klausen-SG Kaltern/Tramin"]
[Site "?"]
[Date "2014.11.29"]
[Round "3.4"]
[White "Schrott, Ernst"]
[Black "Bertagnolli, Gerhard"]
[Result "1-0"]
[WhiteElo "1897"]
[BlackElo "1904"]
[PlyCount "133"]
[EventDate "2014.??.??"]

1. e4 c5 2. Nf3 e6 3. d4 cxd4 4. Nxd4 Nf6 5. Nc3 a6 6. Be3 d6 7. f3 Be7 8. Qd2
Qc7 9. O-O-O O-O 10. g4 Nc6 11. g5 Nd7 12. f4 b5 13. Rg1 Re8 14. f5 Nde5 15.
Qf2 Bf8 16. Nxc6 Qxc6 17. Bd4 b4 18. Bxe5 dxe5 19. g6 bxc3 20. gxf7+ Kxf7 21.
fxe6+ Kg8 22. Qf7+ Kh8 23. e7 Qh6+ 24. Kb1 Be6 25. exf8=Q+ Rxf8 26. Qc7 cxb2
27. Qxe5 Rfe8 28. Qg5 Qxg5 29. Rxg5 h6 30. Ra5 Bf7 31. Bd3 Bg6 32. Re1 Re6 33.
Kxb2 Rb8+ 34. Kc3 Rbb6 35. Kd4 Rb4+ 36. Kc3 Rbb6 37. e5 Rec6+ 38. Kd4 Bf7 39.
Ke3 g5 40. Be4 Rc3+ 41. Kd2 Rc4 42. Bd3 Rcc6 43. Re4 Be6 44. Rea4 Bc8 45. Rc4
Kg7 46. Rxc6 Rxc6 47. Ke3 Kf7 48. Kd4 Ke7 49. Rc5 Rxc5 50. Kxc5 Ke6 51. Kd4 Bb7
52. Be2 Ke7 53. c4 Bc8 54. c5 a5 55. c6 Kd8 56. Kc5 Kc7 57. Kd5 a4 58. a3 Bf5
59. e6 Bg6 60. Bb5 h5 61. Ke5 g4 62. Bxa4 h4 63. Bd1 Kxc6 64. Bxg4 Kb5 65. Bd1
Be8 66. Kd6 Kb6 67. Ke7 1-0

[Event "SK Klausen-SG Kaltern/Tramin"]
[Site "?"]
[Date "2014.11.29"]
[Round "3.5"]
[White "Dallaglio, Giovanni"]
[Black "Seebacher, Michael"]
[Result "0-1"]
[WhiteElo "1845"]
[BlackElo "1575"]
[PlyCount "86"]
[EventDate "2014.??.??"]

1. d4 d5 2. Nf3 Nf6 3. c4 e6 4. Nc3 Be7 5. Bg5 O-O 6. e3 c6 7. Qc2 Nbd7 8.
O-O-O Qa5 9. Kb1 dxc4 10. Bxc4 b5 11. Bd3 h6 12. h4 Bb4 13. Bxf6 Nxf6 14. Ne5
Bb7 15. g4 Bxc3 16. bxc3 Nd5 17. Kb2 Nb6 18. c4 c5 19. Rh2 cxd4 20. exd4 bxc4
21. Bh7+ Kh8 22. g5 c3+ 23. Ka1 Qb4 24. gxh6 Qb2+ 25. Qxb2 cxb2+ 26. Kxb2 Kxh7
27. hxg7 Kxg7 28. h5 Rh8 29. Rg1+ Kf6 30. Ng4+ Ke7 31. h6 Be4 32. Ne5 Rac8 33.
Rg7 Nc4+ 34. Nxc4 Rxc4 35. f3 Bg6 36. d5 exd5 37. h7 Kf8 38. Rg8+ Rxg8 39.
hxg8=Q+ Kxg8 40. Rd2 Rc5 41. Kb3 a5 42. Rd4 Kg7 43. Rf4 f5 0-1

[Event "SK Klausen-SG Kaltern/Tramin"]
[Site "Klausen"]
[Date "2014.11.29"]
[Round "3.3"]
[White "Seebacher, Reinhard"]
[Black "Panjkovic, Alex"]
[Result "1/2-1/2"]
[WhiteElo "1870"]
[BlackElo "2112"]
[PlyCount "73"]
[EventDate "2014.??.??"]

{512MB, PowerBook2011.ctg, NBERNST} 1. d4 {[%emt 0:00:00]} 1... d6 2. Nc3 g6 3.
e4 Bg7 4. Bc4 Nf6 5. Nf3 O-O 6. Bb3 Nc6 7. a3 Bg4 8. Be3 Nd7 9. Qd2 Bxf3 10.
gxf3 e5 11. Ne2 exd4 12. Nxd4 Nde5 13. Ke2 Qf6 14. f4 Ng4 15. c3 Nxe3 16. fxe3
Rae8 17. Bc2 Qh4 18. Rag1 Nxd4+ 19. cxd4 c5 20. dxc5 Qh5+ 21. Kf2 Qxc5 22. b4
Qb6 23. Rd1 Rc8 24. Bb1 Rc3 25. Rhe1 Bf6 26. Kf3 Rxa3 27. Qxd6 Qxd6 28. Rxd6
Bc3 29. Re2 Bxb4 30. Rd7 b6 31. Ba2 Bc5 32. e5 b5 33. f5 b4 34. Bd5 b3 35. Rb2
a5 36. fxg6 hxg6 37. Rxb3 1/2-1/2

[Event "SK Klausen-SG Kaltern/Tramin"]
[Site "?"]
[Date "2014.11.29"]
[Round "3.6"]
[White "Sigmund, Ingenuin"]
[Black "Thaler, Elmar"]
[Result "0-1"]
[WhiteElo "1772"]
[BlackElo "1795"]
[PlyCount "74"]
[EventDate "2014.??.??"]

1. e4 c6 2. d4 d5 3. Nd2 a6 4. a4 dxe4 5. Nxe4 Bf5 6. Ng3 Bg6 7. h4 h6 8. Nf3
e6 9. Bd3 Bxd3 10. Qxd3 Nf6 11. Bd2 Bd6 12. Ne4 Nxe4 13. Qxe4 Nd7 14. Ne5 Qc7
15. Nc4 O-O 16. O-O-O Nf6 17. Qe1 Bf4 18. Ne3 Rfc8 19. g3 Bxe3 20. Bxe3 Nd5 21.
g4 b5 22. h5 bxa4 23. Rd3 Rab8 24. Kb1 Qb7 25. Qc1 Qb4 26. Ka1 Qc4 27. Kb1 Nc3+
28. Rxc3 Qxc3 29. Bd2 Qxd4 30. g5 a3 31. b3 hxg5 32. Bxg5 a2+ 33. Kxa2 Rb5 34.
Be7 c5 35. c3 Qxf2+ 36. Qb2 Qxb2+ 37. Kxb2 Rcb8 0-1

[Event "SK Klausen-SG Kaltern/Tramin"]
[Site "Klausen"]
[Date "2014.11.29"]
[Round "3.2"]
[White "Waldner, Mirko"]
[Black "Schrott, Johann"]
[Result "1/2-1/2"]
[WhiteElo "1890"]
[BlackElo "1802"]
[PlyCount "86"]
[EventDate "2014.??.??"]

{512MB, PowerBook2011.ctg, NBERNST} 1. d4 {[%emt 0:00:00]} 1... Nf6 {
[%emt 0:00:00]} 2. c4 c5 3. d5 e6 4. Nc3 exd5 5. cxd5 d6 6. e4 g6 7. Bd3 Bg7 8.
Nge2 O-O 9. O-O Nbd7 10. f4 a6 11. a4 Qc7 12. h3 Re8 13. Ng3 Rb8 14. a5 b5 15.
axb6 Qxb6 16. Kh2 a5 17. Qa4 Ra8 18. Re1 h5 19. Ra3 h4 20. Nf1 c4 21. Be3 Nc5
22. Bxc5 Qxc5 23. Bb1 Bd7 24. Qc2 Nh5 25. Ne2 Rab8 26. Nc3 Nxf4 27. Qd2 Be5 28.
Kh1 Rb7 29. Qe3 Qxe3 30. Nxe3 Rxb2 31. Nxc4 Rxg2 32. Nxe5 Rxe5 33. Rf1 Reg5 34.
e5 Ne2 35. Ne4 Rg1+ 36. Rxg1 Rxg1+ 37. Kh2 Rxb1 38. Nf6+ Kg7 39. Nxd7 dxe5 40.
Nxe5 Rb4 41. Re3 Ng3 42. Rd3 Nh5 43. d6 Nf6 1/2-1/2

[Event "Naturns Jambo-ASD Arci Scacchi BZ"]
[Site "?"]
[Date "2014.11.29"]
[Round "3.1"]
[White "Preziuso, Toni"]
[Black "Mukic, Josko"]
[Result "1/2-1/2"]
[WhiteElo "2116"]
[BlackElo "2270"]
[PlyCount "30"]
[EventDate "2014.??.??"]

1. d4 e6 2. Nd2 c5 3. e3 Nc6 4. Ngf3 Nf6 5. a3 d5 6. dxc5 Bxc5 7. b4 Bd6 8. Bb2
O-O 9. c4 b6 10. Be2 Bb7 11. O-O Qe7 12. cxd5 exd5 13. Nb3 Rad8 14. Nbd4 Nxd4
15. Qxd4 Qe4 1/2-1/2

[Event "Naturns Jambo-ASD Arci Scacchi BZ"]
[Site "?"]
[Date "2014.11.29"]
[Round "3.2"]
[White "La Manna, Andrea"]
[Black "Seresin, Francesco"]
[Result "1-0"]
[WhiteElo "2156"]
[BlackElo "1826"]
[PlyCount "67"]
[EventDate "2014.??.??"]

1. d4 {[%emt 0:00:00]} 1... d5 {[%eval 0,0] [%emt 0:00:00]} 2. c4 dxc4 3. Nf3
Nf6 4. e3 Nc6 5. Bxc4 Bg4 6. Qb3 e6 7. Qxb7 Bxf3 8. gxf3 Na5 9. Bb5+ c6 10.
Bxc6+ Nxc6 11. Qxc6+ Nd7 12. Nc3 Bb4 13. Bd2 O-O 14. Rg1 e5 15. Qe4 Re8 16.
O-O-O Nf6 17. Qh4 exd4 18. Be1 Qe7 19. Rxd4 Bc5 20. Qg5 g6 21. Rf4 Nd7 22. Qxe7
Rxe7 23. Re4 Rae8 24. Bd2 Ne5 25. Nd5 Re6 26. Rxe5 Rxe5 27. Nf6+ Kf8 28. Nxe8
Kxe8 29. f4 Rh5 30. Rg5 Rxg5 31. fxg5 Kd7 32. f3 Be7 33. e4 Ke6 34. Bf4 1-0

[Event "Naturns Jambo-ASD Arci Scacchi BZ"]
[Site "?"]
[Date "2014.11.29"]
[Round "3.3"]
[White "Olivetti, Davide"]
[Black "Fox, Jonas"]
[Result "1-0"]
[WhiteElo "1930"]
[BlackElo "1930"]
[PlyCount "103"]
[EventDate "2014.??.??"]

1. e4 e6 2. d4 d5 3. Nd2 Nf6 4. e5 Nfd7 5. f4 c5 6. c3 Nc6 7. Ndf3 c4 8. Ne2 b5
9. Ng3 Ne7 10. Be2 Nf5 11. Nxf5 exf5 12. O-O Nb6 13. Ne1 Be6 14. Nc2 g6 15. Kh1
h5 16. b3 a5 17. bxc4 Nxc4 18. Bxc4 dxc4 19. Ne3 Bd5 20. a3 Rb8 21. Bd2 Be7 22.
Nxd5 Qxd5 23. Qf3 Rd8 24. Qxd5 Rxd5 25. Rfc1 O-O 26. Be3 f6 27. a4 Rb8 28. axb5
Rdxb5 29. g3 Kf7 30. Ra4 Rc8 31. Rc2 Ke6 32. Kg2 Kd5 33. Rca2 Ke4 34. Bf2 Kd3
35. Rxa5 Rxa5 36. Rxa5 Kxc3 37. d5 Bd8 38. Ra6 Kd3 39. Kf3 g5 40. Be3 g4+ 41.
Kf2 fxe5 42. fxe5 Ke4 43. d6 Rb8 44. e6 Rb2+ 45. Kf1 Kxe3 46. Ra3+ c3 47. Rxc3+
Kd4 48. e7 Ba5 49. Rc1 Rxh2 50. Rd1+ Ke3 51. e8=Q+ Kf3 52. Rd3# 1-0

[Event "Naturns Jambo-ASD Arci Scacchi BZ"]
[Site "?"]
[Date "2014.11.29"]
[Round "3.4"]
[White "Untherturner, Hans"]
[Black "DeVita, Gianni"]
[Result "0-1"]
[WhiteElo "2010"]
[BlackElo "1877"]
[PlyCount "70"]
[EventDate "2014.??.??"]

1. e4 {[%emt 0:00:00]} 1... e5 2. Nf3 Nc6 3. Bb5 a6 4. Ba4 Nf6 5. O-O Be7 6.
Re1 b5 7. Bb3 O-O 8. a4 Bb7 9. d3 d6 10. c3 Nd7 11. Nbd2 Nc5 12. Bc2 Bf6 13.
Nf1 Re8 14. Ne3 g6 15. axb5 axb5 16. Rxa8 Bxa8 17. Nd5 Bg7 18. Bg5 f6 19. Be3
Ne7 20. b4 Ne6 21. c4 c6 22. Nb6 Nc7 23. Bb3 Kh8 24. Qc2 f5 25. Ng5 Rf8 26.
cxb5 f4 27. Bd2 Nxb5 28. Nxa8 Nd4 29. Qa2 d5 30. exd5 cxd5 31. Bc3 Nef5 32.
Bxd4 Qxg5 33. Bxe5 Bxe5 34. Rxe5 f3 35. g4 Qc1+ 0-1

[Event "Naturns Jambo-ASD Arci Scacchi BZ"]
[Site "?"]
[Date "2014.11.29"]
[Round "3.5"]
[White "Rinaldo, Gaetano"]
[Black "Gurschler, Thomas"]
[Result "1/2-1/2"]
[WhiteElo "1658"]
[BlackElo "1818"]
[PlyCount "99"]
[EventDate "2014.??.??"]

1. g3 g6 2. Nf3 Bg7 3. c4 e5 4. Nc3 d6 5. Bg2 Nc6 6. O-O f5 7. d3 Nf6 8. Bg5
O-O 9. Qd2 Bd7 10. Nd5 Ne7 11. Nxf6+ Bxf6 12. Bxf6 Rxf6 13. b4 f4 14. Ng5 Qc8
15. d4 Bc6 16. Bh3 Nf5 17. dxe5 dxe5 18. b5 h6 19. bxc6 hxg5 20. cxb7 Qxb7 21.
Bg2 c6 22. Rfd1 Rd6 23. Qa5 Qe7 24. Qa6 Rad8 25. Rxd6 Rxd6 26. Qc8+ Kg7 27.
Bxc6 Nd4 28. Bf3 e4 29. Bg4 f3 30. exf3 exf3 31. Qa8 Ne2+ 32. Kh1 Qe5 33. Rb1
Qb2 34. Qb7+ Qxb7 35. Rxb7+ Kf6 36. Bxf3 Rd1+ 37. Kg2 Rg1+ 38. Kh3 Nd4 39. Bg4
Rc1 40. Rc7 Rc2 41. c5 Rxa2 42. Kg2 Rc2 43. h4 gxh4 44. gxh4 a5 45. Bd7 Nf5 46.
Rc6+ Ke5 47. Re6+ Kf4 48. Rf6 Rxc5 49. Bxf5 gxf5 50. Kh3 1/2-1/2

[Event "Naturns Jambo-ASD Arci Scacchi BZ"]
[Site "?"]
[Date "2014.11.29"]
[Round "3.6"]
[White "NANgele, Norbert"]
[Black "D'Ambrosio, Luca"]
[Result "1-0"]
[WhiteElo "1849"]
[BlackElo "1752"]
[PlyCount "31"]
[EventDate "2014.??.??"]

1. e4 Nf6 2. Nc3 d5 3. e5 Nfd7 4. e6 fxe6 5. d4 g6 6. h4 Nf6 7. h5 Nxh5 8. Rxh5
gxh5 9. Qxh5+ Kd7 10. Nf3 c6 11. Ne5+ Kc7 12. Bf4 Kb6 13. Na4+ Ka5 14. Bd2+
Kxa4 15. b3+ Ka3 16. Qd1 1-0

[Event "Brixen/Milland-J. Richter/Lask BZ"]
[Site "?"]
[Date "2014.11.29"]
[Round "3.2"]
[White "Kofler, Thomas"]
[Black "Moncher, Stefano"]
[Result "1/2-1/2"]
[WhiteElo "1969"]
[BlackElo "2182"]
[PlyCount "87"]
[EventDate "2014.??.??"]

1. c4 g6 2. g3 Bg7 3. Nc3 Nf6 4. Bg2 O-O 5. e4 d6 6. Nge2 Nc6 7. O-O e5 8. d3
Be6 9. a3 Qd7 10. Nd5 Nh5 11. b4 f5 12. exf5 gxf5 13. Ra2 f4 14. gxf4 Bh3 15.
f3 Bxg2 16. Kxg2 Nd8 17. fxe5 dxe5 18. Ng3 Nxg3 19. hxg3 c6 20. Nc3 Ne6 21. Be3
Rf6 22. Ne4 Rg6 23. Rh1 b6 24. Kf1 Rd8 25. Rd2 Bf6 26. Qe2 Qg7 27. Qh2 Bg5 28.
Nxg5 Nxg5 29. Qh4 Rf8 30. Bxg5 Rxg5 31. Kg2 Rf4 32. Qh3 Qg6 33. Qc8+ Rf8 34.
Qh3 Rf4 35. Kf2 Rf8 36. Re1 Rgf5 37. g4 Rxf3+ 38. Qxf3 Rxf3+ 39. Kxf3 Qf6+ 40.
Ke2 Qf4 41. Kd1 Qxg4+ 42. Kc2 h5 43. Rxe5 h4 44. Rf2 1/2-1/2

[Event "Brixen/Milland-J. Richter/Lask BZ"]
[Site "?"]
[Date "2013.11.29"]
[Round "3.1"]
[White "De Eccher, Stefano"]
[Black "Sader, Sader Michael"]
[Result "1-0"]
[WhiteElo "2233"]
[BlackElo "2176"]
[PlyCount "85"]
[EventDate "2014.??.??"]

1. e4 c5 2. Nf3 e6 3. d4 cxd4 4. Nxd4 a6 5. c4 Qc7 6. Nc3 Nf6 7. Qe2 d6 8. g4
Nc6 9. Be3 Nxd4 10. Bxd4 e5 11. Nd5 Nxd5 12. exd5 Be7 13. Be3 O-O 14. Bg2 f5
15. gxf5 Bxf5 16. O-O Qd7 17. f4 Bf6 18. fxe5 Bxe5 19. Qd2 Qd8 20. Bd4 Bxd4+
21. Qxd4 b5 22. Rac1 Qg5 23. Qf4 Qg6 24. Qg3 Qf6 25. Qc3 Qh6 26. c5 dxc5 27. d6
Rad8 28. Qxc5 g6 29. Qd4 Qg7 30. Rfd1 Qxd4+ 31. Rxd4 Kg7 32. b4 Kf6 33. Rd2 Rf7
34. Rc6 Ra7 35. Kf2 a5 36. bxa5 Rxa5 37. Rb6 Ke5 38. Rb2 Bd3 39. Rb7 h5 40. d7
Kd4 41. Rc7 Bf5 42. Bc6 Kc3 43. Re2 1-0

[Event "Brixen/Milland-J. Richter/Lask BZ"]
[Site "?"]
[Date "2014.11.29"]
[Round "3.6"]
[White "Piela, Jonas"]
[Black "Kowalcyk, Martin"]
[Result "0-1"]
[WhiteElo "1679"]
[BlackElo "1822"]
[PlyCount "92"]
[EventDate "2014.??.??"]

1. Nf3 Nf6 2. g3 g6 3. Bg2 Bg7 4. d4 c5 5. O-O cxd4 6. Nxd4 O-O 7. c4 Nc6 8.
Nxc6 dxc6 9. Qc2 Qb6 10. Nc3 Qd4 11. Qb3 Ng4 12. h3 Ne5 13. Qa3 Re8 14. c5 Nc4
15. Qb3 Qxc5 16. Na4 Qb5 17. Qxb5 cxb5 18. Nc5 Rb8 19. Bf4 e5 20. Bg5 h6 21.
Bc1 b6 22. Ne4 Bb7 23. b3 Bxe4 24. Bxe4 Nd6 25. Bg2 Rbc8 26. Rd1 Nf5 27. e4 Nd4
28. Rd2 b4 29. Bb2 Rc7 30. Rad1 Rec8 31. f4 f6 32. Bxd4 exd4 33. Rxd4 Rc2 34.
R4d2 a5 35. Bf1 f5 36. e5 Bf8 37. Bc4+ R2xc4 38. bxc4 Rxc4 39. Rd8 a4 40. R1d2
b3 41. axb3 axb3 42. Rb2 Rc3 43. Kg2 Kf7 44. Ra8 Rc2+ 45. Rxc2 bxc2 46. Rc8 Bc5
0-1

[Event "Brixen/Milland-J. Richter/Lask BZ"]
[Site "?"]
[Date "2014.11.29"]
[Round "3.3"]
[White "Zucchelli, Massimo"]
[Black "Kofler, Oswald"]
[Result "1-0"]
[WhiteElo "2190"]
[BlackElo "1823"]
[PlyCount "73"]
[EventDate "2014.??.??"]

1. d4 d5 2. c4 e6 3. Nc3 Nf6 4. cxd5 exd5 5. Bg5 Be7 6. e3 O-O 7. Bd3 c6 8. Qc2
h6 9. Bh4 Re8 10. Nge2 Nbd7 11. O-O Nf8 12. f3 N6h7 13. Bf2 Bh4 14. e4 Bxf2+
15. Rxf2 Ng5 16. e5 Nge6 17. f4 Qb6 18. Na4 Nxd4 19. Nxd4 Qxd4 20. Rd1 Qb4 21.
a3 Qe7 22. Re1 Qh4 23. Qd2 Ne6 24. Bc2 b6 25. f5 Nf8 26. Rf4 Qg5 27. h4 Qd8 28.
f6 Be6 29. h5 Qd7 30. fxg7 Nh7 31. Bxh7+ Kxh7 32. Rf6 Kxg7 33. Qxh6+ Kg8 34.
Qg5+ Kf8 35. Rh6 f5 36. Qf6+ Kg8 37. Rh8# 1-0

[Event "Brixen/Milland-J. Richter/Lask BZ"]
[Site "?"]
[Date "2014.11.29"]
[Round "3.4"]
[White "Wisthaler, Lukas"]
[Black "Billio, Atto"]
[Result "0-1"]
[WhiteElo "1810"]
[BlackElo "2017"]
[PlyCount "58"]
[EventDate "2014.??.??"]

1. e4 c5 2. Nf3 e6 3. d4 cxd4 4. Nxd4 a6 5. c4 Nf6 6. Nc3 Qc7 7. Be2 Bb4 8. Qc2
Qe5 9. Be3 Qxe4 10. Bd3 Qe5 11. h3 Nc6 12. Nf3 Qc7 13. O-O-O Be7 14. a3 Rb8 15.
Ne4 Nxe4 16. Bxe4 Na5 17. c5 f5 18. Bd3 Bxc5 19. Kb1 Bd6 20. Bxf5 Qxc2+ 21.
Bxc2 Bc7 22. Ng5 h6 23. Bg6+ Ke7 24. Ne4 d6 25. Bd4 e5 26. Bc3 Nc4 27. f4 exf4
28. Bh5 Bf5 29. Rhe1 Ne3 0-1

[Event "Brixen/Milland-J. Richter/Lask BZ"]
[Site "?"]
[Date "2014.11.29"]
[Round "3.5"]
[White "Bevilacqua, Bevilacqua"]
[Black "Hellweg, Stefan"]
[Result "0-1"]
[WhiteElo "2017"]
[BlackElo "1706"]
[PlyCount "83"]
[EventDate "2014.??.??"]

1. d4 Nf6 2. c4 g6 3. Nc3 d6 4. e4 Bg7 5. f3 O-O 6. Bg5 e5 7. dxe5 dxe5 8. Qxd8
Rxd8 9. Bxf6 Bxf6 10. Nd5 Rxd5 11. cxd5 Nd7 12. Ne2 Be7 13. Nc3 a6 14. Rc1 Bc5
15. a3 Bd6 16. Bc4 b5 17. Ba2 Nc5 18. Rc2 Nd3+ 19. Kd2 Nf4 20. g3 Nh3 21. Rf1
Rb8 22. b4 Kg7 23. Ne2 f6 24. Nc1 Ng5 25. Nd3 Ra8 26. h4 Nf7 27. Nc5 Nd8 28. f4
Nb7 29. Nd3 a5 30. Bb3 Bd7 31. Kc1 axb4 32. axb4 Ra1+ 33. Kb2 Rxf1 34. Nc5 Bc8
35. f5 gxf5 36. exf5 Bxc5 37. bxc5 Bxf5 38. Rc3 Rf2+ 39. Ka3 c6 40. d6 Be4 41.
Kb4 Rb2 42. Rc1 0-1

[Event "SC Taufers-CSK Merania"]
[Site "Taufers"]
[Date "2014.11.29"]
[Round "3.3"]
[White "Torggler, Martin"]
[Black "Haidacher, Gerold"]
[Result "0-1"]
[WhiteElo "1725"]
[BlackElo "1658"]
[PlyCount "90"]
[EventDate "29.??.??"]

1. e4 e5 2. Nf3 Nc6 3. d4 exd4 4. Nxd4 Nf6 5. Nxc6 bxc6 6. Bg5 Bb4+ 7. c3 Be7
8. Qc2 O-O 9. Bxf6 Bxf6 10. Bd3 Re8 11. O-O g6 12. f4 d6 13. Nd2 a5 14. Rf3 Ba6
15. Bxa6 Rxa6 16. Raf1 d5 17. Rh3 Bg7 18. e5 c5 19. Nf3 Rb6 20. Ng5 h6 21. Nf3
Qd7 22. Nd2 Qb5 23. Rb1 Qd7 24. b3 f6 25. exf6 Rxf6 26. Rf1 Re2 27. Qd3 Re7 28.
c4 c6 29. Rhf3 Ref7 30. g3 Rd6 31. Qc2 Bd4+ 32. Kh1 Kg7 33. Re1 Re7 34. Rff1
Rde6 35. Rxe6 Qxe6 36. Nf3 Qe4 37. Qxe4 dxe4 38. Re1 Kf6 39. Ne5 Bxe5 40. fxe5+
Kxe5 41. Kg2 Rf7 42. Re2 Rf6 43. h4 Kd4 44. a3 e3 45. b4 cxb4 0-1

[Event "Arci BZ II- SG Kaltern/Tramin II"]
[Site "?"]
[Date "2014.11.29"]
[Round "3.5"]
[White "Maier, Fridolin"]
[Black "Paltrinieri, Mario"]
[Result "0-1"]
[WhiteElo "1442"]
[BlackElo "1369"]
[PlyCount "48"]
[EventDate "2014.??.??"]

{600MB, Fritz12.ctg, utente-VAIO} 1. e4 1... d5 2. exd5 Qxd5 3. Nc3 Qd6 4. Bc4
Nf6 5. Nf3 Bg4 6. h3 Bh5 7. g4 Bg6 8. Nb5 Qc6 9. d3 a6 10. Nc3 e6 11. Rg1 Nbd7
12. Nd4 Qd6 13. Nde2 Nb6 14. Bf4 e5 15. Bg3 Nxc4 16. dxc4 O-O-O 17. Nd5 Nxd5
18. Qxd5 Qb4+ 19. c3 Qxb2 20. Qxd8+ Kxd8 21. Rd1+ Kc8 22. Bxe5 f6 23. Bg3 Bc2
24. Rc1 Bd3 0-1

[Event "SC Lana-SK Deutschnofen"]
[Site "?"]
[Date "2014.11.29"]
[Round "3.2"]
[White "Pichler, Norbert"]
[Black "Hofer, Luis"]
[Result "0-1"]
[WhiteElo "1684"]
[BlackElo "1729"]
[PlyCount "31"]
[EventDate "2014.??.??"]

1. d4 Nf6 2. c4 d5 3. Nc3 c6 4. e3 e6 5. Nf3 Nbd7 6. Be2 Bd6 7. Bd2 O-O 8. c5
Bc7 9. O-O Ne4 10. Qc2 f5 11. b4 Rf6 12. Ne1 Bxh2+ 13. Kh1 Rh6 14. Nf3 Qc7 15.
Nxe4 fxe4 16. Ne1 0-1